| 000 | 00342 a2200133 4500 | ||
|---|---|---|---|
| 082 | _a341.105 | ||
| 090 |
_c2811 _d2811 |
||
| 100 | _aS. M.Shahid | ||
| 245 |
_aInternational Organization _cS.M.Shahid |
||
| 260 |
_aLahore _bNew books Palace Urdu bazar Lahore _c2000 |
||
| 300 | _a400p | ||
| 500 | _aPaper cover | ||
| 942 |
_aNBS _cBK _k341.105 SHD |
||
| 999 |
_c345301 _d345301 |
||